Festividad de San Jorge : misa del Viernes de la Octava de Pascua de Resurrección : día 23 de Abril de 1965 misa del Viernes de la Octava de Pascua de Resurrección :
Descripción Física:
28 p. ; 25 cm
Materias:
Diada de Sant Jordi
MARC
| LEADER | 00000nam a2200000Ia 4500 | ||
|---|---|---|---|
| 001 | 13196 | ||
| 008 | 160829s9999 xx 000 0 cat d | ||
| 080 | |a FU-14-96 | ||
| 245 | |a Festividad de San Jorge : |b misa del Viernes de la Octava de Pascua de Resurrección : |b día 23 de Abril de 1965 | ||
| 260 | |a [Barcelona] : |b [(Casa Provincial de Caridad, Imprenta - Escuela)], dl 1965 | ||
| 300 | |a 28 p. ; |c 25 cm | ||
| 650 | 0 | |a Diada de Sant Jordi |9 33552 | |
| 901 | |a Arxiu | ||
| 942 | |n 1 | ||
| 952 | |0 0 |1 0 |4 0 |6 FU1496 |7 1 |9 45415 |a Arxiu |b Arxiu |d 2016-12-01 |l 0 |o FU-14-96 |p 13196 |r 2016-12-01 00:00:00 |w 2016-12-01 |y ARXIU | ||
| 999 | |c 48522 |d 48522 | ||